00409nam a2200121Ia 4500008004100000245006200041245001800103260000900121650001400130856005100144999001900195952007300214171211s9999 xx 000 0 und d aExplaining Hitler: The Search for the Origins of His Evil cRon Rosenbaum c2014 xBiography uhttp://down.ebook777.com/061/9780306823183.pdf c349916d349916 001040aCLbCLd2017-12-11l0r2017-12-11 00:00:00w2017-12-11yCBE